| 000 | 01196cam a2200349 i 4500 | ||
|---|---|---|---|
| 001 | 15434 | ||
| 003 | Mx-PuUPA | ||
| 005 | 20250623133914.0 | ||
| 008 | 140415s2006 nyu dr 000 0 eng d | ||
| 020 |
_a9780786838653 _qrústica |
||
| 040 |
_aMx-PuUPA _bspa _cMx-PuUPA _dMx-PuUPA _erda |
||
| 041 | 0 | _aeng | |
| 100 | 1 |
_aRiordan, Rick, _d1964- _915382 _eautor |
|
| 245 | 1 | 0 |
_aThe lightning thief / _cRick Riordan |
| 250 | _aFirst paperback edition | ||
| 264 | 1 |
_aLos Angeles : _bDisney-Hyperion, _c2006 |
|
| 300 |
_a377 páginas, 30 páginas sin numerar ; _c20 cm |
||
| 336 |
_2rdacontent _atexto _btxt |
||
| 337 |
_2rdamedia _asin medio _bn |
||
| 338 |
_2rdacarrier _avolumen _bnc |
||
| 490 | 0 |
_aPercy Jackson and the Olympians ; _v1 |
|
| 600 | 4 |
_aPoseidón (deidad griega) _xNovela |
|
| 600 | 4 |
_aHades (deidad griega) _xNovela |
|
| 600 | 4 |
_aZeus (deidad griega) _xNovela |
|
| 600 | 4 |
_aJackson, Percy (Personaje ficticio) _xNovela |
|
| 650 | 7 |
_2armarc _aMitología griega |
|
| 650 | 7 |
_2armarc _aPadrs e hijos _xNovela |
|
| 650 | 7 |
_2armarc _aRayos atmosféricos _xLiteratura juvenil |
|
| 942 |
_2ddc _cLI _h813.6 _iR8938 |
||
| 999 |
_c15434 _d15434 |
||